| 000 | 00553nam a22001937a 4500 | ||
|---|---|---|---|
| 003 | OSt | ||
| 005 | 20140310182035.0 | ||
| 008 | 130815t xxu||||| |||| 00| 0 eng d | ||
| 020 | _a1858053056 | ||
| 050 |
_aHF 5145 _b.St874 1997 |
||
| 082 |
_aHS 380.1 _b St6 1997 |
||
| 100 |
_aStokes, David _910614 |
||
| 245 |
_aMarketing : _ba case study approach / _cDavid Stokes |
||
| 260 |
_aLondon : _bLetts Educational Aldine Place, _cc1997. |
||
| 300 |
_avii, 349 p., _bill. ; _c29 cm. |
||
| 650 |
_aMarketing _910615 |
||
| 942 |
_2lcc _cHS |
||
| 999 |
_c8659 _d8659 |
||